| 000 | 01286cam a2200337 a 4500 | ||
|---|---|---|---|
| 999 |
_c234091 _d234091 |
||
| 001 | 15079615 | ||
| 003 | Nust | ||
| 005 | 20170313145253.0 | ||
| 008 | 070525s2007 enk 000 0deng d | ||
| 010 | _a 2007534874 | ||
| 015 |
_aGBA740991 _2bnb |
||
| 016 | 7 |
_a013755800 _2Uk |
|
| 020 | _a9780330485258 (pbk.) | ||
| 035 |
_a(OCoLC)137313035 _z(OCoLC)173498087 |
||
| 035 | _a(OCoLC)ocn137313035 | ||
| 040 |
_aUKM _cUKM _dBTCTA _dBWKUK _dYDXCP _dIXA _dDLC |
||
| 042 |
_aukscp _alccopycat |
||
| 043 | _anwtr--- | ||
| 050 | 0 | 0 |
_aPR9272.9.N32 _bW475 2007 |
| 082 | 0 | 4 |
_a823.914 _bNAI |
| 100 | 1 |
_aNaipaul, V. S. _q(Vidiadhar Surajprasad), _d1932- |
|
| 245 | 1 | 2 |
_aA writer's people : _bways of looking and feeling / _cV.S. Naipaul. |
| 260 |
_aLondon : _bPicador, _c2007. |
||
| 300 |
_a193 p. ; _c22 cm. |
||
| 600 | 1 | 0 |
_aNaipaul, V. S. _q(Vidiadhar Surajprasad), _d1932- |
| 650 | 0 |
_aAuthors, Trinidadian _y20th century _vBiography. |
|
| 650 | 0 |
_aAuthors, Trinidadian _y20th century _xIntellectual life. |
|
| 906 |
_a7 _bcbc _ccopycat _d2 _encip _f20 _gy-gencatlg |
||
| 942 |
_2ddc _cBK |
||